000 00879nam a2200265Ia 4500
003 OSt
005 20221005112113.0
006 a|||||r|||| 00| 0
007 ta
008 221004b |||||||| |||| 00| 0 hin d
020 _a9788192748979 (hbk)
024 _a15347
037 _bGift, 21/01/2015,
_cTextual
040 _aCRL
_cCRL
_bhin
041 _2hin
_ahin
082 _aO152,3N44,NA, Q4
100 _aत्रिपाठी, एम0 एल0
245 0 _aनशाग्राही
246 _aNashāgrāhī
260 _aेकोलकाता
_bप्रभात प्रकाशनी भारत
_c2014
300 _a152पृ0
_ccm.
650 _aहिन्दी साहित्य
942 _hO152,3N44,NA, Q4
_cTEXL
_2cc
999 _c1023835
_d1023835